Score 0/57 Timer 05:00
4 Plays Today
% Correct
Scotland
80.3%
Scotland
80.3%
Scotland
80.3%
Wales
78.9%
Wales
78.9%
England
70.3%
England
70.3%
England
70.3%
Northern Ireland
69.3%
West Indies
54.2%
Puerto Rico
46.9%
Puerto Rico
46.9%
Gibraltar
45.3%
Virgin Islands
38.6%
Bermuda
37.2%
Bermuda
37.2%
Bermuda
37.2%
Bermuda
37.2%
Guam
37.1%
Guam
37.1%
Guam
37.1%
Hong Kong
36.8%
Hong Kong
36.8%
Hong Kong
36.8%
Hong Kong
36.8%
Faroe Islands
31.5%
Aruba
30.9%
Aruba
30.9%
American Samoa
30%
% Correct
American Samoa
30.1%
British Virgin Islands
29.2%
British Virgin Islands
29.2%
U.S. Virgin Islands
26.7%
Gibraltar
25.7%
Isle of Man
24.3%
Falkland Islands
23.3%
Tahiti
23.3%
Tahiti
23.3%
Macau
20.9%
Jersey
20%
Cayman Islands
19.7%
Cayman Islands
19.7%
Cayman Islands
19.7%
Cayman Islands
19.7%
Cook Islands
18.5%
Cook Islands
18.5%
Cook Islands
18.5%
Cook Islands
18.5%
Guernsey
18.1%
Curaçao
17.9%
New Caledonia
15.1%
Turks and Caicos Islands
14.5%
Turks and Caicos Islands
14.3%
Montserrat
13.6%
Anguilla
12.9%
Niue
10.7%
Saint Helena
8.4%

You're not logged in!

Compare scores with friends on all Sporcle quizzes.
OR
Log In

Sporcle TV

Today on Sporcle TV


Watch our educational content, quiz creation guides, and fun videos on Sporcle TV.

Show Comments

Extras

Top Quizzes Today


Score Distribution

Paid Content

Your Account Isn't Verified!

In order to create a playlist on Sporcle, you need to verify the email address you used during registration. Go to your Sporcle Settings to finish the process.

Report this User

Report this user for behavior that violates our Community Guidelines.

Details: